01376cam a2200373 i 450000100090000000300090000900500170001800800410003502000180007603500240009404000540011808200230017210000310019524501220022625000190034826400320036726400100039930000460040933600260045533700280048133800270050949000280053650000270056465000350059165000360062665000410066265300170070365500170072077600350073790600450077294200120081799900170082995201560084622543903EG-ScBUE20230511114111.0220512t2022 enka f 000 0 eng d a9781398606104 a(OCoLC)on1314287909 aUKMGBbengerdacUKMGBdOCLCFdYDXdDLCdEG-ScBUE04a808.06665222bFOR1 aForsyth, Patrick,eauthor.10aHow to write reports and proposals :bcreate attention-grabbing documents that achieve your goals /cPatrick Forsyth. aSixth edition. 1aLondon :bKoganPage,c2022. 4cc2022 avii, 144 pages :billustrations ;c24 cm. atext2rdacontentbtxt aunmediated2rdamediabn avolume2rdacarrierbnc0 aCreating success series aPrevious edition 2019. 7aBusiness communication.2BUEsh 7aBusiness report writing.2BUEsh 7aProposal writing in business.2BUEsh bARTcMay2023 vReading book08iebook version :z9781398606357 a7bcbcccopycatd2encipf20gy-gencatlg 2ddccBB c30336d30307 00102ddc40708BaccahaMAINbMAINc2NDd2023-05-11ePurchaseg639.00h37380l0o808.06665 FORp000044964r2025-07-15 00:00:00v798.75w2023-05-11yBB